000 00536nam a2200193Ia 4500
001 57807
008 140714n2009 ii |||gr||||Z||||||346
020 _a978-81-7293-970-0
082 _a891.44208
245 0 _aNatak Samagra :
_bVOL- VIII /
_cUtpal Dutta .
_hTextual Documents
250 _aIst ed.
260 _aCalcutta
_bMitra & Ghosh publishers
_c2009
300 _a312pg:
_c23cm.
653 _aBengali literature
653 _aReference Bengali
653 _aRef- Bengali
700 _aDutta, Utpal ,
_eAuthor.
942 _2ddc
_cBK
999 _c57711
_d57711